Elementos conceptuales y metodológicos para el análisis de la salud reproductiva /
El articulo establece la visión patriarcal con la cual se han enfocado los programas de salud reproductiva principalmente a la mujer y se ha reducido el papel del hombre al de procreador. Se establece el contexto socio - histórico de la problemática en Costa Rica, y como las instituciones estatales...
Gespeichert in:
| 1. Verfasser: | |
|---|---|
| Weitere Verfasser: | |
| Format: | Text |
| Schlagworte: | |
| Tags: |
Tag hinzufügen
Keine Tags, Fügen Sie den ersten Tag hinzu!
|
MARC
| LEADER | 00000 a a2200000 04500 | ||
|---|---|---|---|
| 001 | 15374 | ||
| 003 | |||
| 040 | |||
| 100 | |a Camacho Cantillano, Eyda María | ||
| 245 | |a Elementos conceptuales y metodológicos para el análisis de la salud reproductiva / |c Eyda María Camacho Cantillano | ||
| 520 | |a El articulo establece la visión patriarcal con la cual se han enfocado los programas de salud reproductiva principalmente a la mujer y se ha reducido el papel del hombre al de procreador. Se establece el contexto socio - histórico de la problemática en Costa Rica, y como las instituciones estatales han enfrentado el problema y su visión teórico metodológica del mismo, por lo que se plantean algunos supuestos que se deben tomar en cuenta al elaborar este tipo de programas: i. el reconocimiento de la necesaria transformación de una practica en salud reproductiva reduccionista y patriarcal, ii. La adopción de una perspectiva critica que integre los principios históricos y dialécticos dentro de la que se reconoce la importancia de dilucidar los contenidos ideológicos que respaldan las iniquidades genéricas, iii. Los encuentros y desencuentros que en el camino nos han enfrentado con posiciones teóricas de avanzada y la reproducción de elementos ideológicos, interiorizados por las personas del grupo que se pretende transformar. ACM/ACM | ||
| 650 | |a PUB.IIS | ||
| 650 | |a REPRODUCCION | ||
| 650 | |a COMPORTAMIENTO SEXUAL | ||
| 650 | |a ROLES SEXUALES | ||
| 650 | |a PLANIFICACION FAMILIAR | ||
| 650 | |a SALUD PUBLICA | ||
| 650 | |a CAJA COSTARRICENSE DEL SEGURO SOCIAL, CR | ||
| 650 | |a FAMILIA | ||
| 650 | |a ANALISIS HISTORICO | ||
| 650 | |a SOCIEDAD | ||
| 650 | |a TEORIA | ||
| 650 | |a METODOLOGIA | ||
| 700 | |a Behm Ammazzini, Ingrid | ||
| 773 | |g volumen 43, número 84 -85; páginas 83-96 | ||
| 999 | |c 23164 |d 23164 | ||
| 773 | 0 | |0 18728 |9 3051 |a Universidad de Costa Rica |d San José, Costa Rica Editorial UCR 1956- |o 16984 |t Revista de Ciencias Sociales/ |x 04825276 | |
